Minja Properties Ltd v Cussins Property Group plc and others (Record no. 55560)

MARC details
000 -LEADER
fixed length control field 01620cab a2200265 4500
001 - CONTROL NUMBER
control field ABS59195
008 - FIXED-LENGTH DATA ELEMENTS--GENERAL INFORMATION
fixed length control field 090401t1998 xxu||||| |||| 00| 0 eng d
035 ## - SYSTEM CONTROL NUMBER
System control number (Sirsi) u88002
041 ## - LANGUAGE CODE
Language code of text/sound track or separate title eng
245 ## - TITLE STATEMENT
Title Minja Properties Ltd v Cussins Property Group plc and others
260 ## - PUBLICATION, DISTRIBUTION, ETC.
Date of publication, distribution, etc. 1998
350 ## - PRICE (NR) (BK AM CF MU VM SE) [OBSOLETE]
Price 0
490 ## - SERIES STATEMENT
Series statement Estates Gazette
Volume/sequential designation [1998] 30 EG 114-119(6)
520 ## - SUMMARY, ETC.
Summary, etc. ChD 6 February 1998. M is landlord of a building where each of the defendants is a tenant. The leases provide for M to keep the window frames in repair, subject to recovery of the cost through the service charge, and for the defendant tenants to maintain the glass in the windows. In December 1997 a contract was placed to refurbish the exterior of the building, including replacement of the existing rusted single glazed window frames with double glazed units. By November 1997 both defendants objected to the replacement, contending that it went beyond the meaning of repair, and M should not have access to their premises to carry out the repair. The writ was issued in January 1998. "Held" The additional cost of using window frames that would take double glazing and the cost of installing two panes of glass was of a comparatively trivial amount and the alterations did not constitute renewal. A mandatory injunction was granted.
650 ## - SUBJECT ADDED ENTRY--TOPICAL TERM
Topical term or geographic name entry element ACCESS
650 ## - SUBJECT ADDED ENTRY--TOPICAL TERM
Topical term or geographic name entry element COST OF WORKS
650 ## - SUBJECT ADDED ENTRY--TOPICAL TERM
Topical term or geographic name entry element LANDLORD AND TENANT
9 (RLIN) 6252
650 ## - SUBJECT ADDED ENTRY--TOPICAL TERM
Topical term or geographic name entry element MANDATORY INJUNCTIONS
650 ## - SUBJECT ADDED ENTRY--TOPICAL TERM
Topical term or geographic name entry element RENEWAL
650 ## - SUBJECT ADDED ENTRY--TOPICAL TERM
Topical term or geographic name entry element REPAIRING COVENANTS
650 ## - SUBJECT ADDED ENTRY--TOPICAL TERM
Topical term or geographic name entry element SERVICE CHARGES
690 ## - LOCAL SUBJECT ADDED ENTRY--TOPICAL TERM (OCLC, RLIN)
Topical term or geographic name as entry element LANDLORD AND TENANT-CASE LAW
942 ## - ADDED ENTRY ELEMENTS (KOHA)
Suppress in OPAC 0
948 ## - LOCAL PROCESSING INFORMATION (OCLC); SERIES PART DESIGNATOR (RLIN)
c (OCLC) 14/08/1998
Holdings
Withdrawn status Lost status Source of classification or shelving scheme Damaged status Not for loan Home library Current library Shelving location Date acquired Total Checkouts Full call number Barcode Date last seen Copy number Price effective from Koha item type
    Dewey Decimal Classification     London London Journal article 14/09/1999   ABS59195 88002-1001 06/08/2019 1 06/08/2019 Law report